Quantitave methods

Bibliographic Details
Main Author: Jones, Ron (Author)
Format: Book
Published: London : Pitman Polytech , 1987
Subjects:

MARC

LEADER 00000cam a2200000 7i4500
001 0000003310
005 20021118093000.0
008 021118n
020 |a 0273028081 
090 0 0 |a QA276.2   |b J6 
100 0 |a Jones, Ron ,   |e author 
245 0 0 |a Quantitave methods   |c Ron Jones 
260 2 |a London :   |b Pitman Polytech ,   |c 1987 
300 |a 372 p. ; ;   |c 30 cm. 
501 |a Includes index 
650 0 |a Mathematical analysis 
650 0 |a Mathematical statistics 
999 |a 1000049551   |b Book   |c Close Access   |e Gong Badak Campus